Sathyavageeswaran/ (Record no. 40826)

000 -LEADER
fixed length control field 00345nam a22001571a 4500
020 ## - INTERNATIONAL STANDARD BOOK NUMBER
ISBN 9788124007099
082 ## - DEWEY DECIMAL CLASSIFICATION NUMBER
Classification number M3
Item number MAN/S
100 ## - MAIN ENTRY--AUTHOR NAME
Personal name Manoj
245 ## - TITLE STATEMENT
Title Sathyavageeswaran/
Statement of responsibility, etc by Manoj
260 ## - PUBLICATION, DISTRIBUTION, ETC. (IMPRINT)
Year of publication 1999.
Place of publication
Name of publisher
300 ## - PHYSICAL DESCRIPTION
Number of Pages 216p.
650 ## - SUBJECT ADDED ENTRY--TOPICAL TERM
Topical Term Novel Malayalam
650 ## - SUBJECT ADDED ENTRY--TOPICAL TERM
Topical Term Literature Malayalam
650 ## - SUBJECT ADDED ENTRY--TOPICAL TERM
Topical Term Literature
942 ## - ADDED ENTRY ELEMENTS (KOHA)
Koha item type Book
Holdings
Withdrawn status Lost status Damaged status Not for loan Permanent Location Current Location Date acquired Cost, normal purchase price Full call number Accession Number Cost, replacement price Price effective from Koha item type
Write off   Damaged 1 Sree Sankaracharya University of Sanskrit Sree Sankaracharya University of Sanskrit 08.01.2015 85.00 M3 MAN SAT N99 015876 0.00 08.01.2015 Book